LEADER 01313nam a2200301 i 4500 001 000000150826 003 CaOOAMICUS 005 20060613000000.0 008 060613s1983 it u000 u ita u 013 $a128164 020 $a88-06-05629-8 040 $aSeMil$bita 100 1 $aCorti, Maria.$0(OLS)http://semarc/name/4140 245 13$aLa felicità mentale :$bnuove prospettive per Cavalcanti e Dante /$cMaria Corti. 260 $aTorino :$bGiulio Einaudi,$ccopyr. 1983. 300 $aX, 172 p. ;$c21 cm. 490 0 $aEinaudi Paperbacks ;$v147 500 $aContiene : Bibliografia generale. - Fondo Ciprandi. 650 4$aCavalcanti, Guido <1258-1300> . Donna me prega.$0(OLS)http://semarc/subject/29487 650 4$aAlighieri, Dante <1265-1321> . Convivio.$0(OLS)http://semarc/subject/15355 830 0$aEinaudi Paperbacks ;$v147.$0(OLS)http://semarc/title/6898 850 $aSeMil 852 $aSeMil$W1$xVenegono$y1$m1D III 122$j102892$B102892$CSeMilBibl$Z2$F111836 $81 941 1 $a1 961 $aOmaggio: Ciprandi dott. Paolo 996 $6020$a88-06-05629-8$9(OLS)http://semarc/number/140283 996 $6245$aLa felicità mentale :$bnuove prospettive per Cavalcanti e Dante$9(OLS)http://semarc/title/220457 996 $6260$aTorino :$bGiulio Einaudi$9(OLS)http://semarc/publisher/29810 LEADER 01469nam a2200253 i 4500 001 000000243332 003 CaOOAMICUS 005 20150630000000.0 008 150630s1997 it u000 u ita u 013 $a222237 040 $aSeMil$bita 100 1 $aFontana, Alessandra .$0(OLS)http://semarc/name/93975 245 10$aMaddalena di Canossa e l'educazione della Gioventù Femminile nelle aree rurali :$bi "seminari" per le maestre di campagna /$cTesi di Magistero in Scienze Religiose di Alessandra Fontana ; Relatore : Ch.mo prof. Roberto Sani. 260 $aMilano :$b[s.n.],$c1997. 300 $aVIII, 456 c. ;$c30 cm. 500 $aContiene : Bibliografia ; Appendici. - In testa al front : Istituto Superiore di Scienze Religiose di Milano. - Ai pie' del front : Anno Accademico 1996-1997. 650 4$aMaddalena : di Canossa .$0(OLS)http://semarc/subject/7092 650 4$aTesi di laurea.$0(OLS)http://semarc/subject/1690 700 1 $aSani, Roberto,$d<1958- >.$0(OLS)http://semarc/name/23359 710 0 $aIstituto Superiore di Scienze Religiose .$0(OLS)http://semarc/name/2495 850 $aSeMil 852 $aSeMil$W1$xVenegono$y1$m4X I 109$j193678$B193678$CSeMilBibl$Z2$F204414 $8L 996 $6245$aMaddalena di Canossa e l'educazione della Gioventù Femminile nelle aree rurali :$bi "seminari" per le maestre di campagna$9(OLS)http://semarc/title/345163 996 $6260$aMilano :$b[s.n.]$9(OLS)http://semarc/publisher/29709 LEADER 01165nam a2200253 i 4500 001 000000236566 003 CaOOAMICUS 005 20141204000000.0 008 141204s1946 it u000 u ita u 013 $a215470 040 $aSeMil$bita 100 1 $aDi Barezia, Laura.$0(OLS)http://semarc/name/23815 245 13$aLa sposa cristiana :$bpreghiere, istruzioni, consigli /$cBarezia, Candido Giacomello. 260 $aVicenza :$bCangini & Filippi,$cimprim. 1946. 300 $a412 p., [1] c. di tav. :$bill. ;$c13 cm. 650 4$aDonna - Missione.$0(OLS)http://semarc/subject/10083 650 4$aCristianesimo - Libri di preghiere e devozione italiani.$0(OLS)http://semarc/subject/1222 650 4$aMoglie - Spiritualità.$0(OLS)http://semarc/subject/10084 700 1 $aGiacomello, Candido.$0(OLS)http://semarc/name/80767 850 $aSeMil 852 $aSeMil$W1$xVenegono$y1$m3F I 724$j186912$B186912$CSeMilBibl$Z2$F198244 $81 961 $aLascito: Serenthà don Mario 996 $6245$aLa sposa cristiana :$bpreghiere, istruzioni, consigli$9(OLS)http://semarc/title/72459 996 $6260$aVicenza :$bCangini & Filippi$9(OLS)http://semarc/publisher/54235 LEADER 00955nam a2200229 i 4500 001 000000238864 003 CaOOAMICUS 005 20150216000000.0 008 150216s1867 it u000 u ita u 013 $a217769 040 $aSeMil$bita 100 1 $aReali, Eusebio.$0(OLS)http://semarc/name/81321 245 13$aLa Chiesa e lo Stato innanzi al popolo italiano /$cper Eusebio Reali. 260 $aSiena :$bI. Gati,$c1867. 300 $aXII, 141 p. ;$c19 cm. 500 $aLegato con 3D-I-126 FA. 650 4$aChiesa e Stato - Italia - Sec. 19.$0(OLS)http://semarc/subject/17013 650 4$aItalia - Relazioni con la Santa Sede - Sec. 19.$0(OLS)http://semarc/subject/38307 850 $aSeMil 852 $aSeMil$W1$xVenegono$y1$m3D I 128 FA$j189210$B189210$CSeMilBibl$Z2$F199999 $8I 996 $6245$aLa Chiesa e lo Stato innanzi al popolo italiano$9(OLS)http://semarc/title/340306 996 $6260$aSiena :$bI. Gati$9(OLS)http://semarc/publisher/54405 LEADER 00884nam a2200205 i 4500 001 000000120700 003 CaOOAMICUS 005 20040820000000.0 008 040820s1929 sp u000 u spa u 013 $a93394 040 $aSeMil$bita 100 1 $aDe Vera, E. .$0(OLS)http://semarc/name/93135 245 13$aLa Epistola de San Pablo a los Filipenses y la colaboracion al apostolado /$cE. De Vera. 260 $aBurgos :$bEl siglo de las Misiones,$cimprimatur 1929. 300 $a110 p. ;$c18 cm. 650 4$aBibbia - Apostolato.$0(OLS)http://semarc/subject/9362 850 $aSeMil 852 $aSeMil$W1$xVenegono$y1$m2V I 91$j75845$B75845$CSeMilBibl$Z2$F85639 $81 996 $6245$aLa Epistola de San Pablo a los Filipenses y la colaboracion al apostolado$9(OLS)http://semarc/title/177641 996 $6260$aBurgos :$bEl siglo de las Misiones$9(OLS)http://semarc/publisher/46019 LEADER 01293nam a2200289 i 4500 001 000000116488 003 CaOOAMICUS 005 20030714000000.0 008 030714s1999 it u000 u ita u 013 $a89177 020 $a88-315-1691-4 040 $aSeMil$bita 100 1 $aGuillet, Jacques,$c.$0(OLS)http://semarc/name/21527 240 10$aJésus dans la foi des premiers disciples.$0(OLS)http://semarc/title/170829 245 10$aGesù nella fede dei primi discepoli /$cJacques Guillet. 260 $a[Italia] :$bPaoline,$c1999. 300 $a321 p. ;$c20 cm. 490 0 $aCammini nello Spirito : meditazione, spiritualità, teologia, biblica ;$v16 600 04$aGesù Cristo.$0(OLS)http://semarc/subject/712 650 4$aBibbia. Nuovo Testamento. Vangeli - Cristologia.$0(OLS)http://semarc/subject/4836 830 0$aCammini dello Spirito ;$v16.$0(OLS)http://semarc/title/419422 850 $aSeMil 852 $aSeMil$W1$xVenegono$y1$m2V III 170$j270409$B71926$CSeMilBibl$Z2$F94629 $81 961 $aAcquisto: San Paolo (Agente) 996 $6020$a88-315-1691-4$9(OLS)http://semarc/number/100628 996 $6245$aGesù nella fede dei primi discepoli$9(OLS)http://semarc/title/170828 996 $6260$a[Italia] :$bPaoline$9(OLS)http://semarc/publisher/31241